000 00481nam a22001575i 4500
001 172731
003 ES-MaACL
005 20230906215024.0
008 090907s2006 sp |||| | spa d
080 _a821.134.2-34"19"
100 1 _aJiménez Lozano, José.
_966552
245 1 3 _aLa salvación ; La tertulia
_b: (dos cuentos) /
_cJosé Jiménez Lozano.
260 _aBarcelona :
_bAnthropos,
_c[2006]
300 _a29 p. ;
_c24 cm.
852 _aES-MaACL
_j2298-F-12
_9.- R.144107
999 _c172731
_d172731